|
|
|
|
| LEADER |
00564nam a22001691a 4500 |
| 020 |
|
|
|a 9788126404100
|c 0.00
|
| 040 |
|
|
|a SSUS - Library - Kalady
|
| 082 |
|
|
|a M 004.67
|b VAR/I
|
| 100 |
|
|
|a Varkey Pattimattom
|
| 245 |
|
|
|a Internet kuttikalkku
|h [Text]
|
| 260 |
|
|
|a Kottayam
|b D C Books
|c 2002
|
| 300 |
|
|
|a 80p.
|
| 600 |
|
|
|a Internet Education
|
| 852 |
|
|
|h M 004.67
|i VAR/I
|p 043836
|9 40.00
|t 0
|
| 942 |
|
|
|c BK
|
| 999 |
|
|
|c 20518
|d 20518
|
| 952 |
|
|
|0 0
|1 0
|4 0
|6 M_004_670000000000000_VAR_I
|7 0
|9 28805
|a SSUS
|b SSUS
|d 2015-01-08
|g 40.00
|o M 004.67 VAR/I
|p 043836
|r 2015-01-08
|v 0.00
|w 2015-01-08
|y BK
|